[Event "TCh-BUL"]
[Site "Pamporovo BUL"]
[Date "2001.10.05"]
[Round "4"]
[White "Nenkov,L"]
[Black "Kazakov,D"]
[Result "0-1"]
[WhiteElo "2295"]
[BlackElo "2197"]

1.Nf3 d5 2.g3 Nf6 3.Bg2 e6 4.O-O Be7 5.d3 O-O 6.Nbd2 c5 7.e4 Nc6 8.Re1 Bd7
9.e5 Ne8 10.Nf1 Nd4 11.c3 Nxf3+ 12.Qxf3 Rc8 13.h4 b5 14.Nh2 d4 15.Qh5 Bc6
16.c4 Bxg2 17.Kxg2 bxc4 18.dxc4 Qb6 19.b3 Qc6+ 20.Kg1 g6 21.Qe2 h5 22.Nf3 Ng7
23.Bg5 Nf5 24.Bxe7 Nxe7 25.Ng5 Nf5 26.Ne4 Kg7 27.Rad1 Rcd8 28.Rd3 Rd7 29.Qd2 Rfd8
30.Qg5 Ne3 31.Nf6 Qg2+  0-1

[Event "Bundesliga 2001-2"]
[Site "Castrop Rauxel GER"]
[Date "2001.10.06"]
[Round "1"]
[White "Markowski,T"]
[Black "Rustemov,A"]
[Result "1-0"]
[WhiteElo "2548"]
[BlackElo "2607"]

1.g3 d5 2.Nf3 c5 3.Bg2 Nc6 4.d4 Nf6 5.O-O e6 6.c4 dxc4 7.dxc5 Qxd1 8.Rxd1 Bxc5
9.Nbd2 c3 10.bxc3 Bd7 11.Nb3 Bb6 12.Nfd4 O-O 13.Ba3 Rfd8 14.Nb5 Ne5 15.Nd6 Bc6
16.Bxc6 bxc6 17.c4 Bc7 18.Rac1 Ne8 19.c5 Ng6 20.e4 e5 21.Kf1 f6 22.Ke2 Kf8
23.Rc4 Nh8 24.Ra4 a6 25.Nc4 Rxd1 26.Kxd1 Nf7 27.Ke2 Nd8 28.Ke3 g5 29.Nb6 Ra7
30.Rc4 Ng7 31.Rc1 Nge6 32.f3 Ke8 33.Kd3 Nb7 34.Kc4 a5 35.Na4 Ra8 36.Rd1 h5
37.h3 Ke7 38.Bc1 Rf8 39.Be3 f5 40.exf5 Rxf5 41.Nd2 e4 42.fxe4 Rf8 43.g4 Nbd8
44.Nb2 hxg4 45.hxg4 Rh8 46.Nd3 Rh3 47.Bf2 Nf7 48.Nb3 Nf4 49.Nbc1 Ng6 50.Bd4 Rg3
51.Ne2 Rxg4 52.Nf2 Nge5+ 53.Kc3 Rg2 54.Rg1 Rh2 55.Rh1 Rh4 56.Be3 Nf3 57.Rh3 Rxh3
58.Nxh3 Kf6 59.Nf2 N7e5 60.Ng3 Nh4 61.Ne2 Ng2 62.Bd4 Kg6 63.Kb3 Ne1 64.Bxe5 Bxe5
65.Ka4 Bc7 66.Nd4 Bf4 67.Nxc6 Be3 68.Ne5+ Kh5 69.c6 Bb6 70.Nd7 Bc7 71.Nf6+ Kh4
72.Nd5 Be5 73.c7 Bxc7 74.Nxc7 g4 75.Nxg4 Kxg4 76.e5 Kf5 77.e6 Kf6 78.Kxa5 Nf3
79.a4 Ke7 80.Kb6 Ne5 81.a5 Nc4+ 82.Kb5 Nd6+ 83.Kc6 Nc8 84.a6 Kd8 85.Nd5  1-0

[Event "3rd Golden Autumn"]
[Site "Alushta UKR"]
[Date "2001.10.07"]
[Round "?"]
[White "Belikov,V"]
[Black "Yagupov,I"]
[Result "1/2-1/2"]
[WhiteElo "2488"]
[BlackElo "2442"]

1.Nf3 d5 2.g3 Bg4 3.Bg2 Nd7 4.d4 e6 5.O-O Ngf6 6.Nbd2 Be7 7.Re1 O-O 8.e4 c5
9.exd5 Nxd5 10.h3 Bh5 11.dxc5 Nxc5 12.a3 Bf6 13.Qe2 Bg6 14.Nc4 Qc7 15.Nfe5 Rac8
16.Ng4 Nd7 17.Nce3 Nxe3 18.Nxf6+ Nxf6 19.Bxe3 Nd5 20.Bd4 Qxc2 21.Qe5 f6 22.Qxe6+ Bf7
23.Qd7 Rc7 24.Qb5 a6 25.Qa5 Qc4 26.Bxd5 Bxd5 27.Rac1 Qb3 28.Rxc7 Qf3 29.Kf1 Qd3+
30.Kg1 Qf3 31.Kf1 Qd3+ 32.Re2 Bf3 33.Rxg7+ Kxg7 34.Qg5+ Qg6 35.Re7+ Kg8 36.Qxg6+ hxg6
37.g4 Rd8 38.Bc3 Rd1+ 39.Be1 Rb1 40.Re3 Bd5 41.b4 Rb3 42.Bc3 Rxa3 43.Bxf6 Rxe3
44.fxe3 b6 45.Kf2 Kf7 46.Bd8 Ke6 47.Bxb6 Be4 48.Kg3 Kd5 49.Kf4 Bd3 50.Kg5 Ke6
51.Bd4 Be4 52.Bc3 Bd3 53.Bg7 Be4 54.Bf8 Bd3 55.Bc5 Be4 56.Kh6 Kf7 57.Bd4 Bd5
58.Bc3 Be4 59.Be1 Bd3 60.Kg5 Ke6 61.Kf4 Kd5 62.Kf3 Be4+ 63.Ke2 Kc4 64.h4 Kd5
65.Bg3 Kc4 66.Bd6 Kd5 67.Bf8 Kc4 68.Bc5 Kd5 69.h5 gxh5 70.gxh5 Kc4 71.Kd2 Kb3
72.Bf8 Kc4 73.Bd6 Kb3 74.Be7 Kc4 75.Kc1 Kb3  1/2-1/2

[Event "Bundesliga 2001-2"]
[Site "Castrop Rauxel GER"]
[Date "2001.10.07"]
[Round "2"]
[White "Appel,R"]
[Black "Kindermann,S"]
[Result "0-1"]
[WhiteElo "2512"]
[BlackElo "2520"]

1.Nf3 d5 2.g3 c6 3.Bg2 Bg4 4.O-O Nd7 5.d3 Ngf6 6.Nbd2 e5 7.e4 dxe4 8.dxe4 Bc5
9.Qe1 O-O 10.Nc4 Re8 11.a4 Qc7 12.b3 b5 13.Ne3 Bh5 14.Nf5 Bf8 15.Bg5 h6 16.Bd2 Nc5
17.N3h4 g5 18.b4 Nxa4 19.Nf3 Bg6 20.h4 Bxf5 21.exf5 e4 22.Nh2 gxh4 23.Ra3 Nb6
24.Qe2 Nbd5 25.Ng4 Kh7 26.Nxf6+ Nxf6 27.g4 Qe5 28.Rh3 Nd5 29.Rxh4 Kg8 30.g5 Qxf5
31.Bxe4 Qe6 32.gxh6 f5 33.Bxd5 Qxd5 34.h7+ Kh8 35.Bc3+ Bg7 36.Bxg7+ Kxg7
37.Qh5 Kh8 38.Qg6 Re7 39.Kh2 Rg7 40.Qxg7+ Kxg7 41.h8=Q+ Rxh8 42.Rg1+ Kf7  0-1

[Event "Bundesliga 2001-2"]
[Site "Castrop Rauxel GER"]
[Date "2001.10.07"]
[Round "2"]
[White "Espig,L"]
[Black "Bosch,Je"]
[Result "1-0"]
[WhiteElo "2421"]
[BlackElo "2475"]

1.Nf3 d5 2.g3 c5 3.Bg2 Nc6 4.d4 e6 5.O-O Nf6 6.c4 Be7 7.cxd5 exd5 8.Nc3 O-O
9.b3 Ne4 10.Bb2 Bf6 11.Na4 b6 12.Rc1 Re8 13.dxc5 Bxb2 14.Nxb2 bxc5 15.Na4 Ba6
16.Re1 c4 17.Nd2 Qf6 18.Nxe4 dxe4 19.bxc4 e3 20.fxe3 Qh6 21.Qd5 Ne5 22.Qd4 Rad8
23.Bd5 g6 24.Nc5 Rxd5 25.cxd5 Bxe2 26.Rf1 Ng4 27.h4 Rxe3 28.Ne4 Qf8 29.Nf6+ Nxf6
30.Qxe3 Bxf1 31.Rxf1 Nxd5 32.Qxa7 Qe8 33.Qd4 Nc7 34.Rb1 Qa8 35.a4 Ne6 36.Qb6 Qf3
37.Qb8+ Kg7 38.Qe5+ Kh6 39.Rf1 Qd3 40.Rxf7 Qb1+ 41.Rf1  1-0

[Event "ch-SLO"]
[Site "Grize SLO"]
[Date "2001.10.07"]
[Round "7"]
[White "Tratar,M"]
[Black "Soln,P"]
[Result "1/2-1/2"]
[WhiteElo "2416"]
[BlackElo "2421"]

1.Nf3 d5 2.g3 Bg4 3.Bg2 Nd7 4.O-O c6 5.d3 e6 6.Nbd2 Ngf6 7.e4 Be7 8.Qe2 O-O
9.h3 Bh5 10.e5 Ne8 11.Re1 Nc7 12.g4  1/2-1/2

[Event "5th Russian Cup Final"]
[Site "Kazan RUS"]
[Date "2001.10.07"]
[Round "6"]
[White "Loginov,Va"]
[Black "Yevseev,D"]
[Result "1/2-1/2"]
[WhiteElo "2507"]
[BlackElo "2530"]

1.Nf3 d5 2.g3 c5 3.Bg2 Nc6 4.d4 e6 5.O-O Qb6 6.dxc5 Bxc5 7.c4 d4 8.Nbd2 Nf6
9.Nb3 e5 10.Nxc5 Qxc5 11.e3 d3 12.e4 Qxc4 13.b3 Qa6 14.Bb2 Bg4 15.h3 Bxf3
16.Qxf3 O-O 17.Rfd1 Rad8 18.Bf1 Nd4 19.Qxd3 Qxd3 20.Bxd3 Rd7 21.Kg2 Rfd8
22.Re1  1/2-1/2

[Event "ch-SLO"]
[Site "Grize SLO"]
[Date "2001.10.08"]
[Round "8"]
[White "Velickovic,Z"]
[Black "Sitnik,I"]
[Result "1/2-1/2"]
[WhiteElo "2355"]
[BlackElo "2294"]

1.Nf3 d5 2.g3 Nf6 3.c4 d4 4.Bg2 Nc6 5.O-O e5 6.b4 e4 7.Ng5 Bxb4 8.Nxe4 O-O
9.a3 Be7 10.Nxf6+ Bxf6 11.d3 Bf5 12.Nd2 Qd7 13.Rb1 Rab8 14.Ne4 Be7 15.Rb5 a6
16.Rb1 Bh3 17.Qa4 Bxg2 18.Kxg2 Qe6 19.Rb2 h6 20.f4 f5 21.Nf2 Bc5 22.Re1 Rfe8
23.e4 dxe3 24.Bxe3 Bxe3 25.Rbe2 b5 26.Qxa6 bxc4 27.Qxc4 Qxc4 28.dxc4 Rb3
29.Nd1 Rxa3 30.Rxe3 Ra2+ 31.Kh3 Rxe3 32.Nxe3 Nd4 33.g4 Nf3 34.Rd1 fxg4+ 35.Kxg4 Nxh2+
36.Kf5 Nf3 37.Rd7 c5 38.Ke4 Nd4 39.Rc7 Ne6 40.Rc6 Kf7 41.f5 Ng5+ 42.Kd5 Re2
43.Ng4 Rd2+ 44.Kxc5 Ne4+ 45.Kb4 h5 46.Re6 hxg4 47.Rxe4 g3 48.Rg4 g2 49.Rg6 Rf2
50.c5 Rxf5 51.Rxg2 g5 52.c6 Ke6 53.Rc2 Rf8 54.Kc5  1/2-1/2

[Event "ULIM Cup"]
[Site "Kishnev MDA"]
[Date "2001.10.08"]
[Round "2"]
[White "Svetushkin,D"]
[Black "Diulger,A"]
[Result "1/2-1/2"]
[WhiteElo "2459"]
[BlackElo "2310"]

1.Nf3 d5 2.g3 Nf6 3.Bg2 Bf5 4.c4 c6 5.cxd5 cxd5 6.Qb3 Qb6 7.Qxb6 axb6 8.Nc3 e6
9.d3 Nc6 10.O-O h6 11.a3 Be7 12.Bd2 O-O 13.Nb5 Bg4 14.Rac1 Bxf3 15.Bxf3 Rac8
16.Rc2 Ne5 17.Rfc1 Rc5  1/2-1/2

[Event "TCh-RUS Siberian Zone"]
[Site "Omsk RUS"]
[Date "2001.10.08"]
[Round "4"]
[White "Starosek,K"]
[Black "Krivko,Y"]
[Result "1/2-1/2"]
[WhiteElo "2490"]
[BlackElo "2283"]

1.Nf3 d5 2.g3 Nf6 3.Bg2 e6 4.O-O Be7 5.d3 b6 6.Nbd2 Bb7 7.e4 O-O 8.e5 Nfd7
9.Re1 c5 10.Nf1 Nc6 11.h4 Re8 12.N1h2 f6 13.exf6 Bxf6 14.Ng4 Nf8 15.Bg5 Bxg5
16.Nxg5 Qd6 17.f4 e5 18.c4 Nd4 19.Nxe5 Re7 20.cxd5 Bxd5 21.Nc4 Rxe1+ 22.Qxe1 Qc6
23.Ne5 Qb7 24.Bxd5+ Qxd5 25.Qe4 Rd8 26.Ngf7 Qxe4 27.dxe4 Ne2+ 28.Kf2 Rd2
29.b3 Nd4+ 30.Kg1 Ne2+ 31.Kf2 Nd4+ 32.Kg1 Ne2+ 33.Kf2 Nd4+ 34.Kf1 Nc2 35.Rc1 Ne3+
36.Ke1 Rxa2 37.Nd6 Ng2+ 38.Kf1 Ne3+ 39.Ke1 Ng2+ 40.Kf1 Ne3+ 41.Ke1 Ng2+ 42.Kf1 Ne3+
43.Ke1 Ng2+ 44.Kf1 Ne3+  1/2-1/2

[Event "5th Russian Cup Final"]
[Site "Kazan RUS"]
[Date "2001.10.09"]
[Round "8"]
[White "Loginov,Va"]
[Black "Kharlov,A"]
[Result "1/2-1/2"]
[WhiteElo "2513"]
[BlackElo "2656"]

1.Nf3 d5 2.g3 g6 3.Bg2 Bg7 4.c4 d4 5.e3 Nc6 6.O-O Nh6 7.exd4 Nxd4 8.Nxd4 Bxd4
9.Nc3 Nf5 10.d3 O-O 11.Bg5 h6 12.Bf4 Bg7 13.Re1 c6 14.Be5 f6 15.Bf4 e5 16.Bc1 Nd4
17.f4 exf4 18.Bxf4 g5 19.Be3 f5 20.Qd2 Qd6 21.Rf1 Be6 22.Kh1 Rad8 23.Rae1 Bf7
24.Qf2 b6 25.Bxd4 Bxd4 26.Qxf5 Bxc3 27.bxc3 Bxc4 28.Qg4 Qxd3 29.Rxf8+ Rxf8
30.h4 Qxc3 31.Re7 Bxa2 32.Rxa7 Bf7 33.hxg5 h5 34.Qf5 Qxg3 35.Be4 Qh4+ 36.Kg1 Qg4+
37.Qxg4 hxg4 38.Bxc6 Rc8 39.Be4 Rc4 40.Rxf7 Rxe4 41.Rb7 Rb4 42.Kf2 Rb3 43.Kg2 b5
44.Kh2 b4 45.Kg2 Kf8 46.Kh2 Kg8  1/2-1/2

[Event "TCh-RUS Siberian Zone"]
[Site "Omsk RUS"]
[Date "2001.10.11"]
[Round "7"]
[White "Obukhov,A"]
[Black "Zemerov,V"]
[Result "1-0"]
[WhiteElo "2436"]
[BlackElo "2316"]

1.Nf3 d5 2.g3 Nc6 3.d4 Bg4 4.Bg2 Qd7 5.h3 Bf5 6.c3 f6 7.g4 Bg6 8.Bf4 e6 9.Nbd2 Bd6
10.Bxd6 cxd6 11.Nh4 Nge7 12.f4 Bf7 13.e3 Rc8 14.O-O Na5 15.Qe2 f5 16.Rfc1 O-O
17.Ndf3 Ng6 18.Nxg6 Bxg6 19.Nh4 Bf7 20.gxf5 exf5 21.Qd3 Be6 22.Nf3 Kh8 23.Kh2 b5
24.Rc2 Nc4 25.Rg1 Bg8 26.b3 Na3 27.Rcc1 a5 28.Qd2 Rfe8 29.Qb2 b4 30.cxb4 axb4
31.Qd2 Rb8 32.Rge1 Re7 33.Kg1 Rb6 34.Re2 Qe8 35.Kf2 h6 36.Ne1 Rb8 37.Nd3 Reb7
38.Ne1 Bf7 39.Nc2 Qd8 40.Nxa3 bxa3 41.Qd3 Bh5 42.Rec2 Qh4+ 43.Kf1 Rf7 44.Rc8+ Rxc8
45.Rxc8+ Kh7 46.Qd2 Ra7 47.Qc2 Re7 48.Qf2 Qf6 49.Bxd5 Bf7 50.Bf3 Ra7 51.Rc3 Be6
52.Qd2 Bd7 53.Bg2 g5 54.fxg5 Bb5+ 55.Kg1 Qxg5 56.Qf2 Rg7 57.Kh2 Qg6 58.b4 Ra7
59.e4 Bd7 60.Rg3 Qh5 61.Qf4 Ra6 62.exf5 Bxf5 63.b5  1-0

[Event "12th NATO"]
[Site "San Remo ITA"]
[Date "2001.10.12"]
[Round "7"]
[White "Falbo,S"]
[Black "Helbig,M"]
[Result "0-1"]
[WhiteElo "2211"]
[BlackElo "2235"]

1.Nf3 d5 2.g3 Nf6 3.Bg2 g6 4.b3 Bg7 5.Bb2 O-O 6.O-O c5 7.c4 d4 8.e3 Nc6 9.exd4 cxd4
10.Re1 Nd7 11.b4 Nxb4 12.Bxd4 e5 13.Bc3 Nd3 14.Re3 N7c5 15.Ne1 Bh6 16.Nxd3 Bxe3
17.Bd5 Bd4 18.Nxc5 Bxc5 19.Bxe5 Qe7 20.d4 Bd6 21.f4 Be6 22.Nc3 Bb4 23.Ne4 f6
24.Qb3 fxe5 25.Bxe6+ Qxe6 26.Ng5 Qe7 27.c5+ Kh8 28.Qxb4 exf4  0-1

[Event "TCh-ESP"]
[Site "Cala Galdana ESP"]
[Date "2001.10.13"]
[Round "1"]
[White "Vassallo,M"]
[Black "Campos Moreno,J"]
[Result "1/2-1/2"]
[WhiteElo "2454"]
[BlackElo "2500"]

1.Nf3 d5 2.g3 g6 3.Bg2 Bg7 4.O-O e5 5.d3 Ne7 6.e4 O-O 7.exd5 Nxd5 8.Nc3 Ne7
9.Re1 Nbc6 10.Bd2 Nf5 11.b4 Nfd4 12.Nxd4 Nxd4 13.a4 c6 14.Rb1 b6 15.b5 Bb7
16.Be3 Rc8 17.Na2 Rc7 18.Nb4 c5 19.Bxb7 cxb4 20.Bxd4 exd4 21.Bc6 Qd6 22.Qf3 a5
23.Re2 Re7 24.Rbe1 Rxe2 25.Rxe2 Rd8  1/2-1/2

[Event "ULIM Cup"]
[Site "Kishnev MDA"]
[Date "2001.10.13"]
[Round "7"]
[White "Pavlenko,B"]
[Black "Vicol,D"]
[Result "1/2-1/2"]
[WhiteElo "2292"]
[BlackElo "2015"]

1.g3 d5 2.Nf3 Bg4 3.Bg2 Nf6 4.c4 c6 5.O-O e6 6.d3 Bd6 7.Nc3 O-O 8.Be3 Re8
9.Qb3 Qe7 10.d4 dxc4 11.Qxc4 Nbd7 12.Qb3 Nb6 13.Rac1 h6 14.Bd2 Nbd5 15.Rfe1 Nxc3
16.bxc3 Ne4 17.Be3 Rac8 18.c4 c5 19.Ne5 Bf5 20.f3 cxd4 21.fxe4 Bxe5 22.Bxh6 Bg6
23.Bf4 Qc5 24.Kh1 b6 25.Qb5 Qxb5 26.cxb5 Bxf4 27.gxf4 Rc5 28.e5 Rec8 29.Bc6 d3
30.Rxc5 bxc5 31.exd3 Bxd3 32.Rc1 Kf8 33.a4 c4 34.Rc3 Ke7 35.a5 Kd8 36.Kg2 a6
37.Kf2 axb5 38.Bxb5 Rc5 39.Ba6 Rxa5 40.Bxc4 Bxc4 41.Rxc4  1/2-1/2

[Event "Sportland NRW Cup"]
[Site "Senden GER"]
[Date "2001.10.14"]
[Round "2"]
[White "Konietzka,L"]
[Black "Fontaine,R"]
[Result "0-1"]
[WhiteElo "2160"]
[BlackElo "2452"]

1.Nf3 d5 2.g3 Bg4 3.Bg2 Nd7 4.O-O c6 5.d3 Ngf6 6.Nbd2 e5 7.e4 dxe4 8.dxe4 Bc5
9.Qe1 O-O 10.Nc4 Bxf3 11.Bxf3 Qe7 12.a4 Rfd8 13.Bd2 Qe6 14.Qe2 Nb6 15.Nxb6 Bxb6
16.a5 Bc5 17.b4 Be7 18.Rab1 Ne8 19.c4 Nd6 20.Rfc1 h6 21.h4 f5 22.exf5 Nxf5
23.Bg4 Qf6 24.Bxf5 Qxf5 25.Bc3 Rf8 26.Re1 Rae8 27.Qe3 e4 28.Bd4 Bd6 29.Bc5 Bxc5
30.Qxc5 Re5 31.Qxa7 e3 32.f4 Qg6 33.Kh2 Qc2+ 34.Kh3 g5 35.hxg5 hxg5 36.fxe5 Qh7+
37.Kg4 Qf5+ 38.Kh5 Qh3+ 39.Kg6 Qh7+ 40.Kxg5 Rf5+ 41.Kg4 Qh5+  0-1

[Event "TCh-BEL 2001-2"]
[Site "Belgium BEL"]
[Date "2001.10.15"]
[Round "2"]
[White "Hauchard,A"]
[Black "Dutreeuw,M"]
[Result "1-0"]
[WhiteElo "2518"]
[BlackElo "2375"]

1.Nf3 d5 2.g3 Bg4 3.Bg2 c6 4.d3 Nd7 5.O-O Ngf6 6.c4 dxc4 7.dxc4 e6 8.Nc3 Be7
9.h3 Bxf3 10.exf3 Nc5 11.Be3 Qd3 12.Ne4 Nfxe4 13.fxe4 Qxc4 14.Rc1 Qb5 15.Qd4 O-O
16.Rxc5 Bxc5 17.Qxc5 Qxb2 18.a4 Rfd8 19.a5 Qe2 20.Kh2 Rd7 21.Rb1 h6 22.Rb4 a6
23.Qe5 Re8 24.h4 Qe1 25.Qb2 Ree7 26.e5 Qd1 27.Be4 Qe1 28.Bf3 Kh8 29.Kg2 Kg8
30.Rg4 Kh8 31.Qb6 Re8 32.Rc4 Qa1 33.Bd4 Qa2 34.Qc5 Red8 35.Rb4 Qa3 36.Be3 Qa1
37.Rg4 Qb2 38.Rf4 Qa1 39.Rb4 Qa3 40.Qb6 Qa1 41.Rb2 Kg8 42.h5 Kh8 43.Bc5 Qc1
44.Bd6 Qc3 45.Rb3 Qc4 46.Qe3 Kg8 47.Rb4 Qa2 48.Rg4 Kh8 49.Qc3 Kg8 50.Re4 Kh8
51.Re2 Qa4 52.Rb2 Qa1 53.Qb4 Kg8 54.Rb3 Kh8 55.Qc5 Qa4 56.Rb6 Kg8 57.Rxc6 bxc6
58.Bxc6 Qg4 59.Bxd7 Qe4+ 60.Kh2  1-0

[Event "Essent Open"]
[Site "Hoogeveen NED"]
[Date "2001.10.15"]
[Round "4"]
[White "Visser,Y"]
[Black "Magomedov,M"]
[Result "1/2-1/2"]
[WhiteElo "2453"]
[BlackElo "2608"]

1.Nf3 d5 2.g3 Bg4 3.Bg2 Nd7 4.O-O e5 5.d3 Ngf6 6.h3 Bh5 7.Qe1 Bc5 8.e4 dxe4
9.dxe4 Bxf3 10.Bxf3 O-O 11.a4 a5 12.Nd2 c6 13.Nc4 Qc7 14.Bd2 b6 15.c3 Rfe8
16.Qb1 Nf8 17.b4 axb4 18.cxb4 Bd4 19.Ra2 Ne6 20.Rc1 Qd7 21.h4 b5 22.axb5 cxb5
23.Ne3 Bxe3 24.Bxe3 Nd4 25.Bxd4 Qxd4 26.Rd1 Qc3 27.Rxa8 Rxa8 28.Be2 Qc6 29.Qd3 g6
30.Qd6 Qxd6 31.Rxd6 Nxe4 32.Rd5 Ra1+ 33.Kg2 Ra2 34.Rxe5 Rxe2 35.Kf3 Nxg3
36.Rxb5  1/2-1/2

[Event "ULIM Cup"]
[Site "Kishnev MDA"]
[Date "2001.10.15"]
[Round "9"]
[White "Pavlenko,B"]
[Black "Solonar,I"]
[Result "1-0"]
[WhiteElo "2292"]
[BlackElo "2344"]

1.g3 d5 2.Nf3 Nf6 3.Bg2 c6 4.O-O Bg4 5.d3 Bxf3 6.Bxf3 e5 7.c4 Nbd7 8.cxd5 cxd5
9.Qb3 Nb6 10.Nc3 h6 11.a4 a5 12.Qb5+ Ke7 13.b3 Ke6 14.e4 d4 15.Nd5 Nfxd5
16.exd5+ Kf6 17.d6 Bxd6 18.Bxb7 Rb8 19.f4 exf4 20.Bxf4 Ke7 21.Rae1+ Kf8 22.Re8+ Qxe8
23.Bxd6+ Kg8 24.Bxb8  1-0

[Event "FSGM October"]
[Site "Budapest HUN"]
[Date "2001.10.16"]
[Round "11"]
[White "Spassov,L"]
[Black "Jakab,A"]
[Result "0-1"]
[WhiteElo "2386"]
[BlackElo "2369"]

1.Nf3 d5 2.g3 Nf6 3.Bg2 Bf5 4.b3 e6 5.Bb2 Be7 6.d3 h6 7.Nbd2 O-O 8.c4 c6
9.O-O a5 10.a3 Nbd7 11.Qc2 Bh7 12.Bc3 Bd6 13.Qb2 Re8 14.Ne5 Nxe5 15.Bxe5 Bxe5
16.Qxe5 Qe7 17.Rfc1 Rec8 18.Nf3 Nd7 19.Qc3 c5 20.cxd5 exd5 21.e3 Bf5 22.Qd2 Nf6
23.Ra2 Qe8 24.Rb2 a4 25.Nh4 Be6 26.b4 cxb4 27.Rxb4 g5 28.Nf3 Rxc1+ 29.Qxc1 Rc8
30.Qb2 Qc6 31.Qxf6 Qc1+ 32.Bf1 Bh3 33.Nd2 Qxf1+  0-1

[Event "5th Itau Cup"]
[Site "Sao Paulo BRA"]
[Date "2001.10.16"]
[Round "4"]
[White "Valiente,C"]
[Black "Aranha Filho,A"]
[Result "1-0"]
[WhiteElo "2373"]
[BlackElo "2251"]

1.Nf3 d5 2.g3 c6 3.Bg2 Bg4 4.d3 Nf6 5.h3 Bh5 6.O-O Nbd7 7.Nbd2 e5 8.e4 Bc5
9.c3 dxe4 10.Nxe4 Nxe4 11.dxe4 a5 12.Qc2 Qe7 13.Nh4 Bg6 14.Bd2 O-O 15.Kh2 Bd6
16.Rad1 Rfd8 17.Bc1 Nf8 18.Qe2 Bc5 19.Nxg6 hxg6 20.h4 Rxd1 21.Rxd1 Rd8 22.Bg5 f6
23.Rxd8 Qxd8 24.Qc4+ Kh7 25.Qxc5 fxg5 26.hxg5 Ne6 27.Qxe5 Nxg5 28.Qf4 Kg8
29.Qe3 Nf7 30.e5 Qe7 31.e6 Nh6 32.Bh3 Nf5 33.Bxf5 gxf5 34.Qe5 g6 35.a4 Kh7
36.Kg2 b6 37.b4 Kg8 38.Qb8+ Kg7 39.Qxb6 Qxe6 40.Qd4+ Kh7 41.bxa5 Qc8 42.Qc4 c5
43.a6 Qc6+ 44.Kg1  1-0

[Event "World Seniors"]
[Site "Arco ITA"]
[Date "2001.10.17"]
[Round "1"]
[White "Karasev,V"]
[Black "Schoergendorfer,H"]
[Result "1-0"]
[WhiteElo "2410"]
[BlackElo "2038"]

1.Nf3 d5 2.g3 Nf6 3.Bg2 b6 4.O-O Bb7 5.d4 e6 6.c4 dxc4 7.Qa4+ Nbd7 8.Ne5 Bxg2
9.Kxg2 c5 10.dxc5 Qc7 11.Nxd7 Qxd7 12.Qxc4 Rc8 13.b4 bxc5 14.b5 Qd5+ 15.Qxd5 exd5
16.Bb2 Be7 17.a4 O-O 18.Nd2 c4 19.Bc3 Rfd8 20.Rfc1 Rd7 21.e3 Ne8 22.Nf3 f6
23.Rd1 Bc5 24.g4 Nc7 25.Rab1 Ne6 26.h4 Rcd8 27.g5 Kf7 28.Rb2 Re8 29.Rbd2 Nc7
30.gxf6 gxf6 31.Nd4 Re4 32.Kh3 Kg6 33.Rg1+ Kh5 34.Nf5  1-0

[Event "World Seniors"]
[Site "Arco ITA"]
[Date "2001.10.17"]
[Round "1"]
[White "Ziltener,W"]
[Black "Klovans,J"]
[Result "0-1"]
[WhiteElo "2052"]
[BlackElo "2420"]

1.Nf3 d5 2.g3 Nf6 3.Bg2 e6 4.O-O Be7 5.c4 O-O 6.d4 dxc4 7.Qc2 a6 8.a4 Bd7
9.Ne5 Bc6 10.Nxc6 Nxc6 11.Bxc6 bxc6 12.Rd1 Qd5 13.Bf4 Qh5 14.Kg2 Nd5 15.Bc1 f5
16.Na3 f4 17.Qe4 c3 18.Rd3 cxb2 19.Bxb2 Rf6 20.h3 Raf8 21.Rf3 Bd6 22.Nc4 Rg6
23.Ne5 Bxe5 24.dxe5 Rf5 25.Bd4 Qg5 26.Rb1 h5 27.Rb8+ Kh7 28.Rbb3 c5 29.Bb2 c4
30.Qxc4 fxg3 31.Rxg3 Nf4+ 32.Kh1 Qd8 33.Qxf4 Rxf4 34.Rbd3  0-1

[Event "TCh-SLO"]
[Site "Bled SLO"]
[Date "2001.10.18"]
[Round "1"]
[White "Mikac,M"]
[Black "Atalik,S"]
[Result "1/2-1/2"]
[WhiteElo "2408"]
[BlackElo "2527"]

1.g3 d5 2.Nf3 g6 3.Bg2 Bg7 4.d4 Nf6 5.O-O O-O 6.c3 Na6 7.Bf4 c5 8.Be5 e6
9.Na3 Bd7 10.dxc5 Nxc5 11.c4 Bc6 12.Bd4 b6 13.Ne5 Bb7 14.cxd5 exd5 15.Rc1 Qe7
16.Re1 Rac8 17.e3 Rfd8 18.Nb5 a6 19.Nc3 b5 20.a3 Ne6 21.Nf3 Ne4 22.Bxg7 Kxg7
23.Ne2 Rxc1 24.Qxc1 Qf6 25.Ned4 Rc8 26.Qd1 Nxd4 27.exd4 Rc4 28.Rf1 Qb6 29.Qb3 f6
30.h4 Qc7 31.Qe3 Rc2 32.Nh2 Bc8 33.Bxe4 dxe4 34.d5 f5 35.Qd4+ Kg8 36.d6 Qg7
37.Qd5+ Qf7 38.Qd4 Qc4 39.Qf6 Qe6 40.Qd8+ Kg7 41.Re1 Bd7 42.Nf1 Qxd6 43.Ne3 Rc8
44.Qa5 Be8 45.Rd1 Qf6 46.Qd2 Qe5 47.Ng2 Bf7 48.h5 gxh5 49.Qg5+ Kh8 50.Ne3 Rg8
51.Rd8 Rxd8 52.Qxd8+ Kg7 53.Qg5+ Bg6 54.b4 Kf7 55.Qd8 h4 56.Qd7+ Qe7 57.Qd5+ Qe6
58.Qb7+ Kf6 59.Nd5+ Kg5 60.Nf4 Qf6 61.Qc7 hxg3 62.Nh3+ Kh6 63.Qf4+ Kg7 64.Qxg3 h5
65.Kh2 h4 66.Qc7+ Bf7 67.Nf4 Kh6 68.Qc1 Qg5 69.Qc6+ Kh7 70.Qc7 Qg7 71.Qe7 Bc4
72.Qd8 Bf7 73.Qe7 Bb3 74.Qd8 Bc2 75.Qxh4+ Qh6 76.Kg3 Qxh4+ 77.Kxh4 Kg7 78.Kg5 Kf7
79.Nd5 Ke6 80.Ne3 Bb1 81.Kf4 Bd3 82.Nxf5 Kd5 83.Ke3 Kc4 84.Nd4 Kc3 85.Ne6 Bc2
86.Nc5 Kb2 87.Nxa6 Kxa3 88.f3 exf3 89.Kxf3 Kb3 90.Ke3 Kc4 91.Kd2 Be4 92.Nc7 Kxb4
93.Nxb5  1/2-1/2

[Event "TCh-ESP"]
[Site "Cala Galdana ESP"]
[Date "2001.10.18"]
[Round "6"]
[White "Perez Lopez,JM"]
[Black "Campora,D"]
[Result "0-1"]
[WhiteElo "2178"]
[BlackElo "2536"]

1.Nf3 d5 2.g3 Bg4 3.Bg2 Nd7 4.d3 c6 5.O-O e6 6.Nbd2 Be7 7.h3 Bh5 8.e4 Ne5
9.Qe1 Nxf3+ 10.Nxf3 Nf6 11.b3 O-O 12.Bb2 Nd7 13.Nh2 Qb6 14.Kh1 dxe4 15.dxe4 Bb4
16.c3 Be7 17.g4 Bg6 18.f4 f6 19.Qe2 Rad8 20.Nf3 Nc5 21.f5 Bf7 22.e5 exf5
23.gxf5 Nd3 24.Bc1 Nxe5 25.Nxe5 fxe5 26.Qxe5 Bf6 27.Qg3 Qa5 28.Bg5 Qxc3 29.Qxc3 Bxc3
30.Bxd8 Bxa1 31.Be7 Re8 32.Bc5 Bf6 33.Bxa7 Ra8 34.Bc5 Rxa2 35.b4 Rd2 36.Re1 h5
37.Be7 Bd5 38.Bxd5+ Rxd5 39.Bc5 Kf7  0-1

[Event "5th Itau Cup"]
[Site "Sao Paulo BRA"]
[Date "2001.10.18"]
[Round "6"]
[White "Braga,C"]
[Black "Marra,E"]
[Result "1/2-1/2"]
[WhiteElo "2444"]
[BlackElo "2202"]

1.g3 d5 2.Nf3 Nc6 3.d4 Nf6 4.Bg2 Bf5 5.O-O Nb4 6.c3 Nc2 7.Nh4 Nxa1 8.Nxf5 e6
9.Ne3 c5 10.c4 cxd4 11.Qxd4 Qb6 12.Qd3 d4 13.Nd1 Qa6 14.Na3 Bxa3 15.bxa3 Qa4
16.Bb2 Nc2 17.e3 Rc8 18.exd4 Qxc4 19.Qd2 Nd5 20.Bxd5 Qxd5 21.Bc3 Qxa2 22.d5 O-O
23.dxe6 fxe6 24.Qd7 Rxc3 25.Nxc3 Qc4 26.Nb5 Ne3 27.Ra1 Nf5 28.Re1 a6  1/2-1/2

[Event "World Teams"]
[Site "Yerevan ARM"]
[Date "2001.10.18"]
[Round "7"]
[White "Anastasian,A"]
[Black "Egin,V"]
[Result "1/2-1/2"]
[WhiteElo "2588"]
[BlackElo "2466"]

1.Nf3 d5 2.g3 Bg4 3.Bg2 Nd7 4.c4 e6 5.cxd5 exd5 6.d3 c6 7.h3 Bh5 8.O-O Bd6
9.Nc3 Ne7 10.Qc2 O-O 11.e4 Rc8 12.Ne2 f6 13.Nfd4 Bf7 14.Nf4 Re8 15.Be3 Nf8
16.Rad1 c5 17.Nb5 Bb8 18.a4 d4 19.Bc1 Qb6 20.Nd5 Nxd5 21.exd5 Qd8 22.d6 Qd7
23.Rfe1 Ne6 24.Re2 a6 25.Na3 b5 26.axb5 axb5 27.Qb3 Nc7 28.Qc2 Ne6 29.Qb3 Nc7
30.Qc2 Qxd6 31.Bf4 Qb6 32.Bxc7 Bxc7 33.Rde1 Rxe2 34.Qxe2 Bd6 35.Qg4 Rd8 36.Be4 Bf8
37.h4 c4 38.Nc2 Qc5 39.Bf5 c3 40.b4 Qd5 41.h5 Qd6 42.Re4 Qc7 43.Kh2 Kh8 44.Qh4 h6
45.Qg4 Qa7 46.Qe2 Qa2 47.Bg6 Bg8 48.Kh3 Qa8 49.Kh2 Qa2 50.Kh3 Qa8 51.f3 Bb3
52.g4 Bxc2 53.Qxc2 Qa1 54.Qe2 Qh1+ 55.Kg3 Qg1+ 56.Kh3 Kg8 57.Re8 Qh1+ 58.Kg3 Qg1+
59.Kh3 Qh1+ 60.Kg3 Qg1+  1/2-1/2

[Event "4th Golden Autumn"]
[Site "Alushta UKR"]
[Date "2001.10.20"]
[Round "?"]
[White "Chuprikov,D"]
[Black "Arzumanian,G"]
[Result "1/2-1/2"]
[WhiteElo "2420"]
[BlackElo "2421"]

1.g3 d5 2.Nf3 Bg4 3.Bg2 Nd7 4.d3 e6 5.Nbd2 Ngf6 6.h3 Bh5 7.b3 c6 8.Bb2 Bd6
9.O-O O-O 10.e4 Qc7 11.Qe1 Bxf3 12.Nxf3 dxe4 13.dxe4 e5 14.Qe2 Rfe8 15.a4 a5
16.Nd2 g6 17.Nc4 Bc5 18.Rfd1 Nb6 19.Ne3 h5 20.Qf3 Qe7 21.Bf1 Nh7 22.h4 Nf6
23.Rd3 Nbd7 24.Bh3 Bb4 25.Nc4 b5 26.axb5 cxb5 27.Bxd7 bxc4 28.Bxe8 cxd3 29.Bb5 dxc2
30.Bc4 Rd8 31.Bc1 Rd1+ 32.Kg2 Ng4 33.Bg5 Qd7 34.Rc1 Rxc1 35.Bxc1 Be1 36.Qd3 Qxd3
37.Bxd3 Bxf2 38.Bxc2 Bd4 39.Bd2 Bc5 40.Kf3 Bb4 41.Bc1 Kf8 42.Bd3 Ke7 43.Bc4 f6
44.Bb5  1/2-1/2

[Event "TSGM October"]
[Site "Belgrade YUG"]
[Date "2001.10.20"]
[Round "1"]
[White "Koneru,H"]
[Black "Lopez Martinez,J"]
[Result "1-0"]
[WhiteElo "2484"]
[BlackElo "2474"]

1.Nf3 d5 2.g3 c6 3.Bg2 Nf6 4.b3 Bf5 5.Bb2 e6 6.O-O h6 7.d3 Be7 8.Nbd2 O-O
9.Re1 Nbd7 10.a3 Bh7 11.e4 a5 12.Qe2 b5 13.Bh3 dxe4 14.dxe4 Qc7 15.Rad1 Nc5
16.Ne5 Ncxe4 17.Nxe4 Bxe4 18.Nxf7 Rxf7 19.Bxe6 Bg6 20.Bxf6 Bxf6 21.Rd7 Qb6
22.Qg4 Bg5 23.Qf3 Bf6 24.Qg4 Bg5 25.Re2 Rf8 26.h4 Bf5 27.Qxf5  1-0

[Event "TCh-FIN 2001-02"]
[Site "FIN"]
[Date "2001.10.20"]
[Round "2"]
[White "Kapanen,K"]
[Black "Kivimaki,J"]
[Result "1/2-1/2"]
[WhiteElo "2028"]
[BlackElo "2214"]

1.Nf3 d5 2.g3 Nf6 3.Bg2 b5 4.O-O e6 5.d3 a5 6.e4 c6 7.Bg5 Be7 8.Nbd2 h6 9.Bxf6 Bxf6
10.c3 O-O 11.d4 Qb6 12.Re1 Ba6 13.a3 b4 14.Bf1 Bxf1 15.Kxf1 Nd7 16.axb4 axb4
17.Qb3 Rfb8 18.Kg2 Ra7 19.Ra4 Rxa4 20.Qxa4 Qb7 21.Ra1 c5 22.Qa7 dxe4 23.Qxb7 Rxb7
24.Nxe4  1/2-1/2